[Event "Romanian Team Rapid Open 2022"]
[Site "Sebes"]
[Date "2022.12.03"]
[Round "7.3"]
[White "Parligras, Mircea-Emilian"]
[Black "Stoleriu, George"]
[Result "1-0"]
[WhiteElo "2567"]
[BlackElo "2389"]
[Annotator "TA"]
[PlyCount "125"]
[EventDate "2022.12.03"]
[EventType "rapid"]
[EventCountry "ROU"]
[SourceTitle "playchess.com"]
[Source "ChessBase"]
[SourceQuality "1"]

{[%evp 11,125,22,44,39,47,35,35,35,47,31,71,50,82,82,82,82,83,76,83,68,80,75,83,81,117,77,97,72,76,67,77,53,53,52,54,54,54,54,54,61,61,61,60,60,67,65,76,76,76,76,76,76,76,76,76,76,76,76,76,68,68,68,68,68,68,45,45,44,50,50,50,50,50,50,109,109,109,109,109,109,109,109,109,109,109,109,109,109,109,109,145,109,146,109,29966,29967,29968,29968,29968,0,29958,11901,5256,3253,29981,29982,29982,29983,29983,29984,29984,29985,29985,29986,29986,5402]} 1. d4 Nf6 2. c4 g6 3. Nc3 Bg7 4. e4 d6 5. h3 O-O 6. Be3 Na6 7. g4 {E71: King's Indian: 4 e4 d6 5 h3.} e5 {now supersedes 7...c5.} 8. d5 Nc5 9. f3 {White is slightly better.} a5 10. Nge2 Ne8 {[%cal Og7h6]} 11. Qd2 f5 {Threatens to win with ...fxe4.} 12. O-O-O f4 13. Bf2 b6 {[#]} 14. Kb1 $146 ({Predecessor:} 14. Nb5 Bd7 15. Nec3 Ra6 16. h4 h6 17. g5 h5 18. Bh3 Bxh3 19. Rxh3 Qd7 20. Rhh1 {0-1 (62) Vrolijk,L (2478)-Hilwerda,J (2229) Hoogeveen 2019}) 14... Bd7 15. Nc1 h6 16. b3 Qb8 17. h4 {[%cal Bh3h4,Bh4h5][%mdl 32]} Rf7 18. a3 Qa7 19. Qb2 Bf8 20. Be2 Be7 21. h5 g5 22. Rd2 Nf6 23. Rg1 Rff8 24. b4 axb4 25. axb4 Na4 26. Nxa4 Qxa4 27. Na2 Qa3 28. Nc3 Ra7 29. Qxa3 Rxa3 30. Kb2 Rfa8 31. Rdd1 Kf7 32. Ra1 Rxa1 33. Rxa1 Rxa1 34. Kxa1 Ke8 35. Kb2 Kd8 36. Kb3 Be8 37. Na4 Kc8 38. c5 bxc5 39. bxc5 Bxa4+ 40. Kxa4 {Strongly threatening Ba6+.} dxc5 $14 {[%mdl 4096] Endgame KBB-KBN} 41. Bb5 Kb7 42. Ka5 {[%mdl 1024] White has compensation.} c4 {Black is on the road to losing.} (42... Kc8 $14) 43. Bc6+ $16 Kb8 44. Be1 {Against c3} Bd6 45. Kb5 Ng8 46. Kxc4 {White is more active.} Ne7 47. Bd7 Kb7 48. Kb5 {Hoping for Be6.} Ng8 49. Bc6+ Kb8 50. Ka6 Kc8 {Against Bd7+} 51. Bc3 Ne7 52. Ka7 Nxc6+ $2 {[%mdl 8192] [#]} (52... Kd8 $16 53. Kb7 Nc8) 53. dxc6 {KB-KB} Bc5+ 54. Ka6 Bd6 55. Ka7 Bc5+ {[#]} 56. Ka8 $1 Bd6 57. Bb2 Kd8 58. Kb7 {White mates.} Ke7 59. Kc8 Ke8 60. Bc3 Ke7 61. Ba5 Ke6 62. Bxc7 Bc5 63. Kb7 {Weighted Error Value: White=0.12 (very precise) /Black=0.25 (precise)} (63. Kd8 $142 Kf7 64. Kd7 Ba7 65. Bxe5 Bb6 66. c7 Bxc7 67. Bxc7 Kf8 68. e5) 1-0

[Event "Romanian Team Rapid Open 2022"]
[Site "Sebes"]
[Date "2022.12.03"]
[Round "7.5"]
[White "David, Alexandru-Vasile"]
[Black "Ardelean, George-Catalin"]
[Result "0-1"]
[WhiteElo "2404"]
[BlackElo "2473"]
[Annotator "TA"]
[PlyCount "88"]
[EventDate "2022.12.03"]
[EventType "rapid"]
[EventCountry "ROU"]
[SourceTitle "playchess.com"]
[Source "ChessBase"]
[SourceQuality "1"]

{[%evp 9,88,20,21,23,39,30,26,26,31,26,25,25,23,34,22,27,41,30,29,18,46,56,51,48,52,34,91,80,80,54,57,0,1,1,0,4,21,0,0,0,0,0,14,0,0,0,0,0,0,0,0,0,0,-91,-91,-208,-204,-277,-276,-451,-437,-678,-418,-616,-541,-29978,-29979,-29979,-29980,-29982,-29981,-29981,-29978,-29978,-29979,-29979,-29979,-29990,-29991,-29991,-29992]} 1. d4 d5 2. c4 e6 3. Nc3 a6 4. cxd5 exd5 5. Bf4 Nf6 6. e3 {D31: Queen's Gambit Declined: Semi-Slav without ...Nf6 (+ Marshall Gambit and Noteboom) and Exchange Variation lines without ...Nf6.} c5 7. Nge2 Nc6 8. g3 {White has an edge.} Bg4 9. Bg2 {Prevents Bf3.} cxd4 10. exd4 Be7 11. O-O O-O {[#]} 12. Re1 $146 ({Predecessor:} 12. h3 Bxe2 13. Nxe2 Qb6 14. Rb1 Rad8 15. Be3 Rfe8 16. Nc3 h6 17. Qd2 Bf8 18. Rfd1 {½-½ (35) Parligras,M (2560)-Szabo,G (2512) Oradea 2022}) 12... Re8 13. h3 Bf5 14. g4 Be4 15. Nxe4 Nxe4 16. Nc3 $1 Bg5 17. Bxg5 Qxg5 ({Black should try} 17... Nxg5 $14 18. Rxe8+ (18. Nxd5 Nxh3+ 19. Kf1 Qh4 $15) 18... Qxe8) 18. Nxe4 $16 dxe4 19. Bxe4 h5 20. Bxc6 (20. Rc1 $14) 20... bxc6 $11 21. Qf3 hxg4 22. hxg4 Rad8 (22... Qd2 $5 {[%cal Re8e1]} 23. Red1 (23. Rxe8+ Rxe8 24. b3 Rd8 $11) 23... Qxb2 $11) 23. Re3 (23. Qxc6 Qxg4+ 24. Kh2 Rf8 $15) 23... Rxe3 24. fxe3 {[%mdl 4096] Endgame KQR-KQR} Rd6 25. Rf1 Rf6 26. Qg3 Rxf1+ 27. Kxf1 {KQ-KQ} Qb5+ 28. Kg2 Qxb2+ 29. Qf2 Qb1 30. Kg3 a5 {[%cal Ba6a5,Ba5a4,Ba4a3,Ba3a2][%mdl 32]} 31. a4 {[#]} (31. Qe2 $11 {remains equal.}) 31... Qb3 $1 $17 32. Qf4 (32. Qf5 $17 {is a better defense.}) 32... Qxa4 $19 33. Qe5 Qb3 {And now ...a4 would win.} 34. Kh4 $2 (34. Qe8+ Kh7 35. Kf4) 34... a4 {White must now prevent ...a3.} 35. Qe8+ Kh7 {[#] aiming for ...a3.} 36. Qe4+ (36. Qe7 $142) 36... g6 {( -> ...a3)} 37. Qxc6 a3 {Black mates.} 38. Qf6 a2 (38... Qxe3 39. Qxf7+ Kh8 40. Qf8+ Kh7 41. Qf7+ Kh8 42. Qf8+ Kh7 43. Qf7+ $11) 39. Qf1 Kg7 ({Weaker is} 39... Qxe3 40. Qxf7+ Kh6 41. Qf8+ Kh7 42. Qf7+ Kh6 43. Qf8+ Kh7 44. Qf7+ $11) 40. g5 Qb1 {Active counter play!} 41. Qf6+ Kg8 42. Qd8+ Kh7 43. Qe7 Qh1+ ({And not} 43... a1=B 44. Qxf7+ Kh8 45. Qe8+ Kh7 46. Qe7+ Kh8 47. Qf8+ Kh7 48. Qe7+ Kh8 49. Qe5+ Kh7 50. Qe7+ $11) 44. Kg3 Qg1+ {Weighted Error Value: White=0.34/Black=0.05 (flawless)} ({Not} 44... a1=B 45. Qxf7+ Kh8 46. Qxg6 $11) 0-1

[Event "Romanian Team Rapid Open 2022"]
[Site "Sebes"]
[Date "2022.12.03"]
[Round "7.8"]
[White "Cnejev, Vladimir-Alexandru"]
[Black "Talu, Mircea"]
[Result "0-1"]
[WhiteElo "2293"]
[BlackElo "2327"]
[Annotator "TA"]
[PlyCount "104"]
[EventDate "2022.12.03"]
[EventType "rapid"]
[EventCountry "ROU"]
[SourceTitle "playchess.com"]
[Source "ChessBase"]
[SourceQuality "1"]

{[%evp 9,104,0,35,32,27,12,19,23,20,23,39,38,49,48,115,96,112,76,70,67,63,75,109,82,76,43,77,0,69,58,59,53,57,45,70,51,37,31,27,0,13,0,0,0,0,0,64,79,156,156,157,126,157,157,155,164,172,172,171,166,143,-526,-528,-431,-534,-430,-422,-534,-531,-531,-486,-478,-432,-858,-704,-1038,-694,-1917,-1906,-1700,-1606,-1522,-1208,-29967,-29967,-29967,-29969,-29958,-12807,-29971,-29965,-29982,-29984,-29986,-29987,-29985,-29978]} 1. e4 c5 2. Nf3 Nc6 3. Bb5 e6 4. Bxc6 bxc6 5. d3 f6 6. Qe2 {B30: Sicilian: 2...Nc6 3 Bb5, lines without ...g6.} Ne7 7. h4 e5 8. h5 {The position is equal.} d5 {[#]} 9. Nh2 $146 {Prevents Bg4.} ({Predecessor:} 9. Nbd2 Bg4 10. Nf1 d4 11. b3 Nc8 12. a4 Nd6 13. Ng3 Rb8 14. Kf1 Be7 15. Ba3 {½-½ (24) Lecha Gonzalez,J (2198)-Van der Velde,M (2126) ICCF email 2016}) 9... Rb8 10. O-O c4 11. dxc4 Ba6 (11... dxe4 $14 12. Rd1 Qc7) 12. Nd2 Nc8 13. f4 {Threatens to win with fxe5.} Bc5+ 14. Kh1 {And now fxe5 would win.} O-O $1 15. fxe5 dxc4 16. exf6 Rxf6 17. Ndf3 Qe8 18. g4 (18. e5 $1 $16 {Black must now prevent Be3.} Re6 19. g4) 18... Nd6 (18... Re6 $11 19. e5 (19. Ng5 Re7 $11) 19... Nb6) 19. e5 $14 Re6 20. c3 Nf7 {[%cal Oc5e7]} 21. Bf4 Rd8 22. Rad1 Rd3 $1 23. Rxd3 (23. g5 {with more complications.} Be7 24. g6 hxg6 25. Nd4) 23... cxd3 24. Qd2 {[%cal Oc3c4]} (24. Qe4 $5 {[%cal Rc3c4]}) 24... Nxe5 25. Nxe5 Rxe5 26. Bxe5 Qxe5 27. Nf3 Qe4 ({Black should play} 27... Qe6 $1 $11) 28. Qg2 Bc8 ({Black should try} 28... h6) 29. Re1 $16 {[%cal Bf1e1,Be1e8,Be8d8][%mdl 32]} Qxg4 30. Re8+ Bf8 {[#]} 31. Qxg4 Bxg4 {[%mdl 4096] Endgame [#] KRN-KB} 32. Kg2 Bxh5 33. Rd8 Bf7 34. b3 Bd5 {Strongly threatening ...d2.} 35. c4 $2 {[%mdl 8192]} (35. Kf2 $16) 35... d2 $19 36. Rxd5 cxd5 37. Nxd2 {KB-KN} Bb4 38. Nf3 dxc4 39. bxc4 Kf7 40. Ne5+ Ke6 41. Nc6 (41. Nd3 $142 Ba5 42. Nf4+ Ke5 43. Kf3) 41... Bc5 42. Kf3 Kf5 43. Nd8 g5 {[%cal Bg7g5,Bg5g4][%mdl 32]} 44. Nb7 Be7 45. c5 g4+ 46. Kg3 h5 {[%cal Bh7h5,Bh5h4,Bh4h3][%mdl 32]} 47. c6 h4+ 48. Kf2 Ke6 {( -> ...h3)} 49. Ke3 h3 {Black mates.} 50. Kf2 Bd6 51. Kg1 g3 52. a4 Be5 {Never resign too early!   Weighted Error Value: White=0.63/Black=0.20 (precise)} 0-1

[Event "Romanian Team Rapid Open 2022"]
[Site "Sebes"]
[Date "2022.12.03"]
[Round "7.9"]
[White "Nastase, Robert-Paul"]
[Black "Miron, Lucian-Costin"]
[Result "0-1"]
[WhiteElo "2229"]
[BlackElo "2510"]
[Annotator "TA"]
[PlyCount "92"]
[EventDate "2022.12.03"]
[EventType "rapid"]
[EventCountry "ROU"]
[SourceTitle "playchess.com"]
[Source "ChessBase"]
[SourceQuality "1"]

{[%evp 10,91,18,0,0,23,15,-1,19,-42,-28,-73,-42,-100,-104,-91,-84,-157,-64,-78,-85,-132,-53,-41,-56,-128,-122,-196,-202,-187,-86,-79,-52,-60,353,-290,-294,-275,-266,-293,-298,-296,-263,-303,-280,-306,-174,-210,-165,-154,144,156,670,0,264,-617,74,0,-26,-421,-425,-29988,-447,-2147,-1997,-29992,-29993,-29993,-29986,-29986,-29987,-29991,-602,-521,-281,-29989,-29990,-29990,-29991,-29991,-29992,-29992,-29993,-29999]} 1. e4 c5 2. Nc3 a6 3. g3 b5 4. Bg2 Bb7 5. d3 e6 6. Nh3 Nc6 {B23: Closed Sicilian: Lines without g3.} 7. O-O Qc7 8. f4 h5 {The position is equal.} 9. f5 {[#]} (9. Bd2 $11) 9... Bd6 $146 ({Predecessor:} 9... Nf6 10. Bf4 Ne5 11. a4 b4 12. Ne2 exf5 13. Bxe5 Qxe5 14. Rxf5 Qc7 15. Qf1 d6 {0-1 (58) Ujhazi,M (2137)-Nestorovic,L (2310) Senta 2010}) 10. Ng5 Nf6 11. a4 (11. Nf3 $15) 11... b4 $17 12. Ne2 h4 {[%cal Rh4g3]} 13. Nf4 (13. Bf4 $142) 13... Ne5 (13... exf5 $17 14. exf5 (14. Nd5 $2 Nxd5 15. exd5 Ne7 $19) 14... hxg3 15. hxg3 Nd4) 14. c3 {[%cal Rf5e6]} hxg3 {...c4 is the strong threat.} 15. hxg3 (15. h3 $142) 15... Qb6 (15... c4 16. d4 $11) (15... a5 $17 16. Qe2 Neg4 17. fxe6 dxe6) 16. a5 $15 Qa7 17. fxe6 (17. Re1 $15) 17... dxe6 $17 18. d4 (18. Qe2 $17 {keeps fighting.}) 18... cxd4 $1 $19 19. cxd4 Neg4 {Prevents Be3.} (19... O-O-O $19 {Hoping for ...Neg4.} 20. Be3 Neg4 21. Qc1+ (21. Nxf7 Nxe3 22. Qc1+ Kb8 $17) 21... Kb8 22. Nxf7 Nxe3 $1 23. Nxe6 (23. Qxe3 $2 Ng4 $19) 23... Nxf1 24. Nxd6 Nxg3 25. Qc7+ Ka8 26. Qxb7+ Qxb7 27. Nxb7 Kxb7 28. e5+ Nd5) 20. Bf3 $17 Nh2 $36 {[%mdl 2048] Black has some pressure. Black is more active.} 21. Be3 $1 {[%cal Oe4e5]} e5 $2 {[%mdl 8192]} (21... Bxf4 $15 22. gxf4 Rc8) 22. Nd5 $4 {[%mdl 8192]} (22. Qa4+ $18 {and life is good for White.} Kf8 23. Qb3 $1 Nxf3+ 24. Rxf3 Bxe4 25. dxe5) 22... Bxd5 $19 23. exd5 Nxf1 24. Qxf1 exd4 25. Bf2 Kf8 26. Qd3 Re8 27. Kg2 Qb8 (27... Qd7 $142 {Strongly threatening ...Re5.} 28. Qxa6 Re5 29. Qa8+ Ne8) 28. Qxa6 Re5 29. Rc1 {[#] And now Rc8+ would win.} Re8 {[#] Prevents Rc8.} (29... Rxg5 $2 30. Rc8+ Ke7 31. Rxb8 Rxb8 32. Qe2+ (32. Bxd4 Rxg3+ 33. Kf2 Rh8 $18) 32... Re5 33. Qc4 $18) (29... Bc7 $2 30. d6 Rxa5 31. Qc4 $18) (29... Ke7 $1 $17 {stays on course.} 30. Re1 Rxe1 31. Bxe1 Rc8) 30. Rc6 $1 $16 (30. Bxd4 Bxg3 31. d6 Qxd6 32. Qxd6+ Bxd6 $17) 30... Be5 (30... Bf4 $16) 31. Rb6 $2 (31. d6 $18 {Black must now prevent Qc4.} Bxd6 32. Qc4) 31... Qc8 {[%mdl 8192] Inhibits Qc4.} (31... Qc7 $11 {and Black is okay.} 32. Qb7 Bxg3 33. Bxg3 Qc2+ 34. Bf2 Rh2+ 35. Kxh2 Qxf2+ 36. Kh3 Qf1+ 37. Kh4 Qf2+ 38. Kh3 Qf1+ 39. Kh4 Qf2+ 40. Kh3) 32. Qb5 $4 {[%mdl 8192]} (32. Qxc8 $18 Rxc8 33. d6) 32... Nh7 $2 (32... Qc1 $19 {[%csl Gh8][%cal Rc1h1]} 33. Nh3 Qc2 34. Qxb4+ Kg8) 33. Qxb4+ ({Better is} 33. Ne4 $16) 33... Kg8 $11 {Dancing on a razor blade.} 34. Ne4 {[%mdl 8192]} (34. Nxf7 $1 $11 Kxf7 35. d6 (35. Bxd4 $2 {is the wrong capture.} Ng5 $19) (35. Bh5+ $2 Kg8 $19)) 34... Nf6 $19 35. Qc5 (35. Rxf6 $19 gxf6 36. Qd2) 35... Qf5 (35... Qh3+ $142 36. Kg1 Nxe4 37. Bg2 Qh2+ 38. Kf1 Nxc5 39. d6 Bxg3 40. d7 Nxd7 41. Rb3 Bxf2 42. Kxf2 d3 43. Rxd3 Qf4+ 44. Rf3 Qd4+ 45. Kf1 Qd1+ 46. Kf2 Qe1#) 36. Nxf6+ (36. Qc2 $142 Qh3+ 37. Kg1 Nxd5 38. Qa4) 36... gxf6 37. d6 Qh3+ 38. Kg1 Qh2+ 39. Kf1 Bxg3 {[%csl Gg3][%cal Rh2f2]} 40. Qxd4 Bxf2 (40... Qh3+ $142 41. Bg2 Qf5 42. Be4 Rxe4 43. Rb8+ Kg7 44. Rxh8 Rxd4 45. Rh2 Qf3 46. Rh7+ Kxh7 47. Kg1 Bxf2+ 48. Kh2 Rh4#) 41. Qxf2 Qf4 {( -> ...Rh3)} 42. d7 $2 (42. Rc6 $19 Qf5 43. Rc1) 42... Qc1+ {Black mates.} 43. Kg2 Qh1+ 44. Kg3 Qh3+ 45. Kf4 Rh4+ ({Weaker is} 45... Qxd7 46. Qg1+ Kf8 47. Qc5+ Kg8 48. Qg1+ Kf8 49. Qc5+ Kg8 50. Qg1+ $11) 46. Bg4 Qxg4# {Weighted Error Value: White=1.15/Black=1.08} 0-1

[Event "Romanian Team Rapid Open 2022"]
[Site "Sebes"]
[Date "2022.12.03"]
[Round "7.10"]
[White "Filip, Lucian-Ioan"]
[Black "Daianu, Cristian-Clement"]
[Result "1/2-1/2"]
[WhiteElo "2370"]
[BlackElo "2189"]
[Annotator "TA"]
[PlyCount "199"]
[EventDate "2022.12.03"]
[EventType "rapid"]
[EventCountry "ROU"]
[SourceTitle "playchess.com"]
[Source "ChessBase"]
[SourceQuality "1"]

{[%evp 18,199,31,34,48,28,39,24,45,39,36,8,12,16,53,41,120,110,129,127,225,123,120,0,168,160,188,213,224,223,202,202,211,190,197,200,251,258,255,258,377,367,351,188,186,172,175,164,194,86,241,163,243,215,473,445,418,189,147,187,173,161,129,56,56,56,56,56,103,103,103,103,103,103,103,103,103,103,103,103,103,103,103,103,103,103,103,103,103,103,103,103,103,103,103,103,103,103,103,103,103,103,103,0,103,103,103,103,103,103,103,103,103,0,103,103,103,103,103,103,103,103,103,0,103,103,103,103,103,103,103,103,103,0,103,0,103,103,103,103,103,103,103,103,103,103,103,0,103,103,103,103,103,103,103,103,103,0,103,103,103,103,103,103,103,103,103,103,118,0,0,0,0,0,0,0,0,0,0,0,0,0,0,0]} 1. Nf3 Nf6 2. c4 c6 3. d4 d5 4. Nc3 g6 5. cxd5 cxd5 6. Bf4 Bg7 7. e3 O-O 8. h3 Nc6 9. Bd3 b6 10. O-O Bb7 {D90: Grünfeld: 4 Nf3 Bg7 sidelines.} 11. Qa4 a6 12. Rfc1 b5 {White has an edge.} 13. Qd1 {[#]} Rc8 $146 ({Predecessor:} 13... e6 14. Ne5 Nxe5 15. Bxe5 Rc8 16. a4 b4 17. Na2 Qb6 18. a5 Qxa5 19. Bd6 Rxc1 20. Qxc1 {1-0 (45) Gorelov,S (2480)-Bobylev,V (2350) Moscow 1997}) 14. a4 b4 15. Nb1 Ne4 16. Nbd2 Na5 (16... Nxd2 $1 $14 17. Qxd2 f6) 17. Rxc8 $16 Qxc8 18. Rc1 $36 {[%mdl 2048] Prevents Nc4. White is really pushing.} Qe6 (18... Qa8 $16) 19. Bc7 (19. Bxe4 $1 $18 dxe4 20. Ng5) 19... Nc6 20. Bf4 ({White should play} 20. Nb3 $16) 20... h6 $2 (20... Na5 $1 $11) 21. Nb3 $1 $18 {And now Bxe4 would win.} g5 22. Bh2 f5 23. Bxe4 $1 fxe4 24. Nc5 {[%csl LRb7,LRe6]} Qc8 25. Ne5 Nxe5 26. Bxe5 Bxe5 27. dxe5 Bc6 28. e6 {[%cal Oc5d7]} Qb8 (28... Rf6 {was necessary.} 29. Qc2 Qa8 30. Nxa6 Qxa6) 29. Nxa6 Qd6 30. Nxb4 Qxb4 31. Rxc6 Qxb2 {[%mdl 4096] Endgame [#] KQR-KQR} 32. Rc2 ({Worse is} 32. Qxd5 Qb1+ 33. Kh2 Qb8+ 34. Kg1 Qb1+ 35. Kh2 Qb8+ 36. Kh1 Qb1+ 37. Kh2 $11) 32... Qe5 33. Rc5 (33. Qc1 $18 {is more deadly.}) 33... Rd8 $2 (33... Qb2 $16) 34. Qc2 {Threatens to win with Rc8.} Qxe6 (34... Qa1+ $142 35. Kh2 Kg7) 35. Rc6 Rd6 {[#]} (35... Qe5 36. Rxh6 Qa1+ 37. Kh2 Qe5+ 38. g3 Rb8) 36. Rxd6 $1 Qxd6 {KQ-KQ} 37. Qc8+ (37. a5 $142 {Strongly threatening Qa2.} Qa3 38. Qc6 Qa1+ 39. Kh2 Qxa5 40. Qg6+ (40. Qxh6 Qc7+ 41. Kg1 Qc1+ 42. Kh2 Qc7+ 43. Kh1 Qc1+ 44. Kh2 Qc7+ $11) 40... Kf8 41. Qxh6+ Kf7 42. Qxg5) 37... Kg7 38. a5 {aiming for Qb7.} d4 39. exd4 Qxd4 40. Qe6 (40. Qc1 $16) 40... Qa1+ $1 $14 41. Kh2 Qxa5 42. Qxe7+ Kg6 (42... Kg8 $14) 43. Qxe4+ $16 Kg7 44. Qe7+ Kg6 45. Qd6+ Kg7 46. h4 Qf5 47. f3 gxh4 {[%cal Oh4h3]} 48. Qe7+ Kg6 49. Qxh4 {White is more active.} Qc5 50. Qf4 Qc3 51. Kh3 Qa1 52. Qd6+ Kg7 53. Qe7+ Kg6 54. Kg4 Qf1 55. Qe6+ Kg7 56. Qe5+ Kh7 57. Kg3 Qd1 58. Qe7+ Kg6 59. Qe4+ Kg7 60. Qe5+ (60. Qf4 $16) 60... Kg6 (60... Kh7 $1 $11) 61. Kh2 Kh7 62. Qf6 Qe2 63. Qf7+ Kh8 64. Qf8+ Kh7 65. Qf7+ Kh8 66. Qg6 Qd2 67. Kh3 Qf4 68. Qe8+ Kg7 69. Qe7+ Kh8 70. Qe8+ Kg7 71. Qd7+ Kh8 72. Qc8+ Kh7 73. Qb7+ Kh8 74. Qa8+ Kg7 75. Qb7+ Kh8 $1 76. Qa8+ Kg7 77. Qe4 Qc1 78. Qg4+ Kh7 79. Qd7+ Kg8 80. Qe6+ Kg7 81. Qe5+ Kh7 82. Kg4 {Black must now prevent Qf5+.} Qf1 $1 83. Qc7+ Kh8 84. Qc8+ Kg7 85. Qb7+ Kg6 86. Qc6+ Kg7 87. Qc7+ (87. Qc3+ $16 Kf7 88. Qc2) 87... Kg6 (87... Kh8 $1 $11 {remains equal.}) 88. Qc2+ Kg7 89. Kf4 Qg1 90. Kf5 Qb6 {Prevents Qc7+. ...Qg6+ is the strong threat.} 91. Qc3+ Kh7 92. Qf6 {Inhibits Qg6+.} Qc5+ 93. Ke6 (93. Kg4 $16 Qc4+ 94. Kg3) 93... Qc4+ {The position is equal.} 94. Ke7 Qe2+ 95. Kf8 {[%csl Gf8][%cal Rf6g7]} Qxg2 96. Qf7+ Kh8 97. Qf6+ Kh7 98. Qe7+ Kh8 99. Qf6+ Kh7 100. Qf7+ {White really could win this.   Weighted Error Value: White=0.25 (precise) /Black=0.32} 1/2-1/2

[Event "Romanian Team Rapid Open 2022"]
[Site "Sebes"]
[Date "2022.12.03"]
[Round "7.12"]
[White "Nastore, Pavel-Alexandru"]
[Black "Craciun, Sasha-Matei"]
[Result "1-0"]
[WhiteElo "2218"]
[BlackElo "2001"]
[Annotator "TA"]
[PlyCount "109"]
[EventDate "2022.12.03"]
[EventType "rapid"]
[EventCountry "ROU"]
[SourceTitle "playchess.com"]
[Source "ChessBase"]
[SourceQuality "1"]

{[%evp 23,109,16,30,27,31,25,41,22,24,18,33,30,59,12,154,145,143,154,145,31,32,13,141,146,139,154,153,123,128,116,152,149,165,151,147,141,168,162,213,196,322,183,175,0,240,203,271,246,276,279,401,391,490,486,482,482,506,515,532,556,612,563,654,639,658,604,568,563,568,543,560,547,553,543,728,729,703,669,1011,996,962,955,1178,1155,1252,1276,1544,1463]} 1. e4 e5 2. Nf3 Nc6 3. Bb5 a6 4. Ba4 Nf6 5. O-O Be7 6. Re1 b5 7. Bb3 d6 8. c3 O-O 9. h3 Bb7 10. d4 Re8 11. Nbd2 Bf8 12. Bc2 {[%cal Bb3c2,Bc2b1,Bb1e4][%mdl 32]} h6 13. b3 {C93: Closed Ruy Lopez: Smyslov Variation.} g6 14. Bb2 Bg7 15. Rc1 {White is slightly better.} (15. d5 $5 {[%cal Rd5c6]} Nb8 16. b4 $14) 15... Rc8 {[#]} 16. Bb1 $146 ({Predecessor:} 16. Nf1 exd4 17. cxd4 Nb4 18. e5 Nxc2 19. Qxc2 Nd5 20. Rcd1 Nf4 21. N1h2 c5 22. dxc5 Rxc5 23. Qxc5 dxc5 24. Rxd8 Rxd8 {0-1 (48) Nikitin,D (1846)-Saveliev,D (2093) Uljanovsk 2014}) 16... Nd7 17. Nf1 Nb6 18. Ng3 (18. d5 $14 {feels stronger.} Nb8 19. Ne3) 18... d5 (18... Nb8 $11) 19. exd5 $1 $16 Qxd5 20. Be4 Qd7 21. dxe5 (21. Nxe5 $16 Bxe5 22. dxe5) 21... Qxd1 $14 22. Rcxd1 {With the idea Nd4.} Rb8 {[#]} (22... Ba8 $1 $11 {remains equal.}) 23. Nd4 $1 $16 Na5 24. f4 $36 {[%mdl 2048] Keeping Black busy.} c5 25. Bxb7 Nxb7 26. Nf3 c4 27. Ne4 {Against Nc5} Red8 28. Nd4 Rbc8 {Inhibits Nc6.} 29. b4 {White has more active pieces.} Nd5 30. g3 Ne7 (30... f5 {is a better defense.}) 31. Kg2 $18 {[%cal Bg1g2,Bg2f2,Bf2e2][%mdl 32]} Rd5 (31... Nd5 $142 32. Kf3 Nb6) 32. Nd6 (32. Nf6+ $142 Bxf6 33. exf6) 32... Rc7 {[#]} 33. Ne4 (33. Kf2 $1 $18) 33... Rcd7 $2 (33... Rc8 $1 $11) 34. Kf2 a5 35. a3 Nf5 36. Ke2 Ne7 {[#]} (36... axb4 {might work better.} 37. axb4 Nxd4+ 38. Rxd4 (38. cxd4 Nd8 $18) 38... Nd8) 37. Nxb5 $1 {[%mdl 512]} Rd3 (37... g5 38. Nd4) 38. Nd4 {White is clearly winning.} Rxd1 39. Rxd1 ({Weaker is} 39. Kxd1 Nd5 40. Kc2 axb4 41. axb4 h5 $18) 39... g5 40. Bc1 gxf4 41. gxf4 Rd8 42. Rg1 Kf8 43. Kf3 axb4 44. axb4 Ra8 45. Bb2 Ra2 46. Ra1 Rxa1 47. Bxa1 Nd5 48. Bb2 Ke7 49. Nf5+ Kf8 50. Nfd6 Nxd6 51. Nxd6 ({Not} 51. exd6 Ke8 52. Nd2 Nb6 $18) 51... Nb6 52. Ke4 f6 53. Bc1 fxe5 54. fxe5 Nd7 55. Bf4 {Weighted Error Value: White=0.19 (very precise) /Black=0.42} 1-0